Normal view
MARC view
- Tozer , Aiden Wilson
Entry Personal Name
001 - CONTROL NUMBER
- control field: 134089
003 - CONTROL NUMBER IDENTIFIER
- control field: NUST
005 - DATE AND TIME OF LATEST TRANSACTION
- control field: 20260413162226.0
008 - FIXED-LENGTH DATA ELEMENTS
- fixed length control field: 260413|| aca||aabn | a|a d
040 ## - CATALOGING SOURCE
- Original cataloging agency: NUST
- Transcribing agency: NUST
100 ## - HEADING--PERSONAL NAME
- Personal name: Tozer , Aiden Wilson
670 ## - SOURCE DATA FOUND
- Source citation: Work cat.: (NUST): Tozer , Aiden Wilson., The Knowledge of the Holy: The Attributes of God: Their Meaning in the Christian Life /, 1961.
